000 00363nam a2200145Ia 4500
008 161216s9999 xx 000 0 und d
040 _aPK-NaQUE
100 _a80CE
100 _aAhmed Hussain Ahmed
245 0 _aDesign Of Rainforced Concrete Bungalow
260 _aNawabshah
260 _bQUEST
260 _c1980
700 _aDepartment Of Civil Engineering
999 _c56657
_d56654